Practical descriptive geometry / (Record no. 11999)
[ view plain ]
| 000 -LEADER | |
|---|---|
| fixed length control field | 00955nam a22002291i 4500 |
| 001 - CONTROL NUMBER | |
| control field | 1691901 |
| 003 - CONTROL NUMBER IDENTIFIER | |
| control field | EG-ScBUE |
| 005 - DATE AND TIME OF LATEST TRANSACTION | |
| control field | 20241023084307.0 |
| 008 - FIXED-LENGTH DATA ELEMENTS--GENERAL INFORMATION | |
| fixed length control field | 841003s1948 ilua f 000 0 eng d |
| 040 ## - CATALOGING SOURCE | |
| Original cataloging agency | DLC/ICU |
| Language of cataloging | eng |
| Description conventions | rda |
| Transcribing agency | ICU |
| Modifying agency | DLC |
| -- | EG-ScBUE |
| 082 04 - DEWEY DECIMAL CLASSIFICATION NUMBER | |
| Classification number | 516.6 |
| Edition number | 22 |
| Item number | RUS |
| 100 1# - MAIN ENTRY--PERSONAL NAME | |
| Personal name | Rusinoff, S. E. |
| Fuller form of name | (Samuel Eugene), |
| Dates associated with a name | 1894- |
| Relator term | author. |
| 9 (RLIN) | 6806 |
| 245 10 - TITLE STATEMENT | |
| Title | Practical descriptive geometry / |
| Statement of responsibility, etc | by S. E. Rusinoff, M.E., associate orofessor of mechanical engineering, Illinois Institute of Technology, consulting mechanical engineers, member, American Society of Mechanical Engineers, member, Socirty of Automotive Engineers. |
| 264 #1 - PUBLICATION, DISTRIBUTION, ETC. (IMPRINT) | |
| Place of publication, distribution, etc | Chicago : |
| Name of publisher, distributor, etc | American Technical Society, |
| Date of publication, distribution, etc | 1948. |
| 300 ## - PHYSICAL DESCRIPTION | |
| Extent | ix, 259 pages : |
| Other physical details | illustrations ; |
| Dimensions | 22 cm |
| 336 ## - CONTENT TYPE | |
| Source | rdacontent |
| Content type term | text |
| Content type code | txt |
| 337 ## - MEDIA TYPE | |
| Media type term | unmediated |
| Source | rdamedia |
| Media type code | n |
| 338 ## - CARRIER TYPE | |
| Carrier type term | volume |
| Carrier type code | nc |
| Source | rdacarrier |
| 650 #7 - SUBJECT ADDED ENTRY--TOPICAL TERM | |
| Topical term or geographic name as entry element | Geometry, Descriptive. |
| Source of heading or term | BUEsh |
| 9 (RLIN) | 6807 |
| 655 ## - INDEX TERM--GENRE/FORM | |
| Form subdivision | Reading book |
| 942 ## - ADDED ENTRY ELEMENTS (KOHA) | |
| Source of classification or shelving scheme | Dewey Decimal Classification |
| Koha item type | Book - Borrowing |
| Withdrawn status | Lost status | Source of classification or shelving scheme | Damaged status | Not for loan | Collection code | Home library | Current library | Shelving location | Date acquired | Source of acquisition | Cost, normal purchase price | Total Checkouts | Full call number | Barcode | Date last seen | Price effective from | Koha item type |
|---|---|---|---|---|---|---|---|---|---|---|---|---|---|---|---|---|---|
| Dewey Decimal Classification | Alef-Baa | Central Library | Central Library | First floor | 24/06/2009 | Purchase | 150.00 | 516.6 RUS | 000016999 | 15/07/2025 | 24/06/2009 | Book - Borrowing |